La rebelión de las masas

Salvato in:
Dettagli Bibliografici
Autore principale: Ortega y Gasset, José
Natura: Libro
Lingua:Undetermined
Pubblicazione: Barcelona, España Ediciones Orbis, S. A. 1983
Soggetti:
Tags: Aggiungi Tag
Nessun Tag, puoi essere il primo ad aggiungerne!!

MARC

LEADER 00000nam a2200000Ia 4500
008 170316s9999 xx 000 0 und d
090 |a 100 O-9r 
100 |a Ortega y Gasset, José 
245 |a La rebelión de las masas 
260 |a Barcelona, España 
260 |b Ediciones Orbis, S. A. 
260 |c 1983 
300 |a 206 páginas 
650 |a FILOSOFÍA 
650 |a LA REBELIÓN DE LAS MASAS 
650 |a HISTORIA DEL PENSAMIENTO 
999 |c 17232  |d 17232 
040 |a cru BVZT 
942 |c 15 D  |h 100 O-9r  |2 z